LEADER 01230nam a2200277 4500 001 000000349419 003 CaOOAMICUS 005 20220208123643.0 008 220208s2021 it 000 u ita r 020 $a978-88-8227-596-9 040 $aSeMil$bita 100 1 $aD'Ayala Valva, Luigi,$d<1976- >.$0(OLS)http://semarc/name/89120 245 10$aVivere la gioia evangelica :$bl'esperienza di Gesù trasmessa ai cristiani /$cLuigi d'Ayala Valva. 264 1$aMagnano :$bQiqajon, Comunità di Bose,$c2021. 300 $a133 p. ;$c18 cm 490 1 $aScintille ;$v34 650 4$aBibbia - Gioia.$0(OLS)http://semarc/subject/6089 650 4$aGioia - Meditazioni.$0(OLS)http://semarc/subject/19935 830 0$aScintille ;$v34.$0(OLS)http://semarc/title/438471 850 $aSeMil 852 $aSeMil$W1$xVenegono$y1$m2Y I 256$j231545$B240474$CSeMilBibl$Z2$F240474 $81 961 $aCambio - La Scuola cattolica 996 $6020$a978-88-8227-596-9$9(OLS)http://semarc/number/295275 996 $6245$aVivere la gioia evangelica :$bl'esperienza di Gesù trasmessa ai cristiani$9(OLS)http://semarc/title/438989 996 $6264$aMagnano :$bQiqajon, Comunità di Bose$9(OLS)http://semarc/publisher/55988 LEADER 01428nam a2200325 i 4500 001 000000187006 003 CaOOAMICUS 005 20100309000000.0 008 100309s1997 fr u000 u fre u 013 $a165063 020 $a2-204-05607-3 020 $a2-89420-367-5 040 $aSeMil$bita 100 1 $aVergote, Antoine <1921-2013>.$0(OLS)http://semarc/name/18012 245 10$a«Tu aimeras le Seigneur ton Dieu ...» :$bl'identité chrétienne /$cAntoine Vergote. 260 $aMontréal :$bMédiaspaul,$c1997. 260 $aParis :$bLes Éditions du Cerf,$c1997. 300 $a254 p. ;$c24 cm. 490 0 $aThéologies 650 4$aIdentità - Cristianesimo.$0(OLS)http://semarc/subject/9184 650 4$aIdentità cristiana - Chiesa cattolica.$0(OLS)http://semarc/subject/18356 830 0$aThéologies.$0(OLS)http://semarc/title/9365 850 $aSeMil 852 $aSeMil$W1$xVenegono$y1$m2N VI 339$j137693$B137693$CSeMilBibl$Z2$F150067 $81 961 $aOmaggio: Bressan don Luca 996 $6020$a2-204-05607-3$9(OLS)http://semarc/number/177352 996 $6020$a2-89420-367-5$9(OLS)http://semarc/number/177353 996 $6245$a«Tu aimeras le Seigneur ton Dieu ...» :$bl'identité chrétienne$9(OLS)http://semarc/title/268970 996 $6260$aParis :$bLes Éditions du Cerf$9(OLS)http://semarc/publisher/29611 996 $6260$aMontréal :$bMédiaspaul$9(OLS)http://semarc/publisher/33782